000 02465nam a2200457Ia 4500
001 ebr10130644
003 CaPaEBR
006 m u
007 cr cn|||||||||
008 060223s2006 ne a sb 101 0 eng d
010 _z 2006922869
020 _z1586036009 (hd.bd.)
040 _aCaPaEBR
_cCaPaEBR
035 _a(OCoLC)320320154
050 1 4 _aHV6431
_b.N3834 2006eb
082 0 4 _a363.325/17
_222
111 2 _aNATO Advanced Research Workshop on Fighting Terrorism in the Liberal State: An Integrated Model of Research, Intelligence and International Law
_d(2005 :
_cKonstanz, Germany)
245 1 0 _aFighting terrorism in the liberal state
_h[electronic resource] :
_ban integrated model of research, intelligence and international law /
_cedited by Samuel Peleg and Wilhelm Kempf.
260 _aAmsterdam ;
_aWashington, DC :
_bIOS Press,
_cc2006.
300 _axiv, 197 p. :
_bill.
490 1 _aNATO security through science series. Sub-series E, Human and societal dynamics,
_x1574-5597 ;
_vv. 9
500 _a"Proceedings of the NATO Advanced Research Workshop on Fighting Terrorism in the Liberal State: an Integrated Model of Research, Intelligence and International Law, Konstanz, Germany, 15-16 April 2005"--T.p. verso.
500 _a"Published in cooperation with NATO Public Diplomacy Division."
500 _a"This publication is supported by: The NATO Programme for Security through Science"--Cover.
504 _aIncludes bibliographical references and indexes.
533 _aElectronic reproduction.
_bPalo Alto, Calif. :
_cebrary,
_d2009.
_nAvailable via World Wide Web.
_nAccess may be limited to ebrary affiliated libraries.
650 0 _aCivil rights
_vCongresses.
650 0 _aHuman rights
_vCongresses.
650 0 _aNational security
_vCongresses.
650 0 _aSecurity, International
_vCongresses.
650 0 _aTerrorism
_xGovernment policy
_vCongresses.
650 0 _aTerrorism
_xPrevention
_vCongresses.
655 7 _aElectronic books.
_2local
700 1 _aKempf, Wilhelm F.
700 1 _aPeleg, Samuel.
710 2 _aebrary, Inc.
710 2 _aNATO Programme for Security through Science.
710 2 _aNorth Atlantic Treaty Organization.
_bPublic Diplomacy Division.
830 0 _aNATO security through science series.
_nE,
_pHuman and societal dynamics ;
_vv. 9.
856 4 0 _uhttp://site.ebrary.com/lib/rucke/Doc?id=10130644
_zAn electronic book accessible through the World Wide Web; click to view
999 _c181207
_d181207